000 01593nam a2200397 c 4500
003 BLK
005 20240612162926.0
008 180408b bul|||||r ||||||| ||bul||
010 _aKNG00049104000
020 _a978-954-625-592-1
_bиздат.: Фют
040 _aBLK
041 _aBUL
_cBUL
072 7 _2bullib
_aН70
_xИзкуства Н
080 _aШивашко изкуство. Моделиерство. Художествени плетива. Вж и 687 ; 677.025
_b746.4
_x(035)
_z746.4(035)
100 1 _aУат, Фиона
_eпърви автор
_9280104
700 1 _aБагът, Стела
_eил.
_9280105
700 1 _aХристова, Павлина
_eпрев.
_9280106
139 _aУат, Фиона
_bУ 16
245 1 0 _aДа се научим да плетем
_cФиона Уат; ил. Стела Багът; прев. Павлина Христова.
257 _aGBR
260 София
_bФют
_c2010
_fСофия : Лито Балкан
300 _a64 с.
_bс цв. ил.
_c31 см
380 _a62
500 _aОриг. загл. How to Knit / Fiona Watt.
650 4 _aПлетачество, ръчно - наръчници и ръководства
_9245396
653 _aплетачество
653 _aнаръчници
653 _aръководства
659 _aН
852 _aЦб ІІ 17000
856 4 _qpdf
_u
856 4 _qpdf
_u
942 _cKNG
_n0
_07
944 _aCR
_c07.12.2011
_lБояна Костадинова
_k30551
944 _aED
_c03.04.2017
_lф /
_kЛюдмила_Стоянова
999 _c45314
_d45314